000 00692nam a22002417a 4500
003 UA-OsUOA
001 59636
007 ta
008 20090406b un ||||| |||| 00| 0 ukr d
100 _aГусев В.С.
090 _a004.4
_bГ96
942 _cBK
040 _aUA-OsUOA
_brus
_cUA-OsUOA
_dUA-OsUOA
245 _aGoogle: эффективный поиск
_bКраткое руководство
300 _a240 с.
955 _a4
041 _arus
080 _a004.4
020 _a5-8459-0901-5
260 _aМ.
_bИздательский дом "Вильямс"
_c2006
650 7 _a00 Загальні питання науки і культури
_2UDC
999 _c345725
_d345725